Ortsteile der Gemeinde Müden (Aller) mit Karte - Statistiken

Allgemein
  • Dieses Quiz wurde 7 mal gespielt
  • Das Durchschnittsergebnis liegt bei 7 aus 9
Antworten auf der Karte
Die Antworten werden auf der Karte rot bzw. grün angezeigt, abhängig davon wie oft sie richtig erraten wurden.
 
Antwortstatistiken
Ortsteil % Korrekt
Müden
100%
Brenneckenbrück
75%
Dieckhorst
75%
Ettenbüttel
75%
Flettmar
75%
Gerstenbüttel
75%
Gilde
75%
Hahnenhorn
75%
Bokelberge
50%
Keine übereinstimmenden Quizze gefunden
Verteilung der Resultate
Anzahl Personen mit jedem Resultat
Perzentil nach korrekt beantworteten Fragen
Ihre Resultats-Entwicklung
Sie haben dieses Quiz noch nicht gespielt